Visualizzazione normale
Vista MARC
- Capitolo Speciale Generale. Prima sessione
di Personal Name
Records bibliografici associati: 1
001 - CONTROL NUMBER
- control field: 468
003 - CONTROL NUMBER IDENTIFIER
- control field: IT-RoPau
005 - DATE AND TIME OF LATEST TRANSACTION
- control field: 20130320100317.0
008 - FIXED-LENGTH DATA ELEMENTS
- fixed length control field: 130320|| aca||aabn | a|a d
040 ## - CATALOGING SOURCE
- Original cataloging agency: IT-RoPau
- Transcribing agency: IT-RoPau
100 ## - HEADING--PERSONAL NAME
- Personal name: Capitolo Speciale Generale. Prima sessione
670 ## - SOURCE DATA FOUND
- Source citation: Work cat.: (IT-RoPau)27024: Capitolo Speciale Generale. Prima sessione , La nostra vocazione apostolica. , 1969